| 000 | 00701nam a22002177a 4500 | ||
|---|---|---|---|
| 005 | 20171012122831.0 | ||
| 010 | _aENG-120844 | ||
| 020 |
_a8184672470 _c200.00 |
||
| 035 | _aEN-104376 | ||
| 037 | _bDBAD/PUB | ||
| 082 | _a620.115 | ||
| 100 | _aRao, C.N.R. | ||
| 245 |
_aNanoworld : _cby C.N.R. Rao ; Assisted by Indumati Rao [and] Jatinder Kaur _ban introdution to nanoscience and technology / |
||
| 260 |
_aBangalore _bNavakarnatak Publishers _c2011 |
||
| 270 |
_aEmbassy Centre, Crescent Road _bBangalore _e560001 |
||
| 300 |
_a96p.: _c22cm(pbk) _bill |
||
| 500 | _aIncludes Index | ||
| 700 | _aRao, Indumati | ||
| 700 | _aJatinder, Kaur | ||
| 942 |
_2ddc _cEN _h620.115 _mRAO |
||
| 999 |
_c146526 _d146526 |
||